000
00465nam a2200181Ia 4500
008
090123s9999 xx 000 0 und d
082
_b
3527
_a
891.463/कदम
100
_a
कदम बाबा
245
_a
गजरा
250
_a
1
260
_b
साहित्य सदन
_c
1973
300
_a
168
600
_a
कदम बाबा
630
_a
गजरा
700
_a
कदम बाबा
730
_a
गजरा
942
_c
BOOK
999
_c
41607
_d
41607